| 000 | 01060cam a2200289 4500 | ||
|---|---|---|---|
| 008 | 000000n2001 000 0 eng u | ||
| 020 | _a1900168715 | ||
| 035 | _a(Sirsi) u112064 | ||
| 041 | _aeng | ||
| 050 | _a690.241 | ||
| 100 | _aKidd, Stewart | ||
| 110 |
_aHistoric Scotland _92914 |
||
| 245 | _aFire risk management in heritage buildings | ||
| 260 |
_aEdinburgh _bHistoric Scotland _c2001 |
||
| 300 | _a57p. ; 30cm. | ||
| 350 | _a£12.95 | ||
| 490 |
_aTechnical Advice Note _v22 |
||
| 520 | _aA considered methodology is proposed upon which to carry out an effective combined fire risk assessment for both property and contents. Includes checklists and case studies. Also considers how the findings of the fire risk assessment might be translated into a management strategy for the building. | ||
| 650 | _aFIRE PROTECTION | ||
| 650 | _aFIRE RISK | ||
| 650 | _aHISTORIC BUILDINGS | ||
| 650 | _aHISTORIC SCOTLAND | ||
| 650 | _aRISK MANAGEMENT | ||
| 650 | _aSCOTLAND | ||
| 690 | _aBUILT ENVIRONMENT-BUILDING STANDARDS | ||
| 942 | _n0 | ||
| 999 |
_c101355 _d101355 |
||